000 00571nam a2200217Ia 4500
003 OSt
005 20220918214048.0
006 a|||||r|||| 00| 0
007 ta
008 220917b |||||||| |||| 00| 0 eng d
024 _a135,719
037 _cTextual
040 _aARTS
_cARTS
_beng
041 _2eng
_aeng
082 _aX9.611.N5, K1
245 0 _aCommerce and industry in Tanganika
260 _aTanganyika
_bMininstry of Commerce and Industry
_c1961
650 _aECONOMICS
942 _hX9.611.N5, K1
_cTEXL
_2CC
999 _c258811
_d258811